| 000 | 00000nam 2200000za 4500 |
| 001 | 9.644616 |
| 003 | CaOODSP |
| 005 | 20250506145324 |
| 007 | ta |
| 008 | 150407|1992||||xxc||||| f|0| 0 eng d |
| 020 | |a0-662-20070-5 |
| 040 | |aCaOODSP|beng |
| 043 | |an-cn--- |
| 086 | 1 |aA53-1887/1992E |
| 110 | 1 |aCanada.|bAgriculture Canada. |
| 245 | 10|aAlternative crops for the prairies / |cby Ferdinand A. Kiehn and Mel Reimer. Produced by the Research Program Service. |
| 260 | |aOttawa - Ontario : |bAgriculture Canada |c1992. |
| 300 | |a46p. : |billus. ; |c23 cm. |
| 500 | |aContents: Introduction.--Azuki bean.--Amaranth.--Borage.--Caraway.--Coriander.--Evening-primrose.--Fenugre ek.--Foxtail millet.--Japanese artichoke.--Jerusalem artichoke.--Lathyrus.--Monarda.--Niger.--Poppy.--Proso millet.--Quinoa.--Tepary bean. |
| 563 | |aSoftcover |
| 590 | |a93-48|b1993-12-03 |
| 690 | 07|aCrops|2gcpds |
| 720 | 1 |aKiehn, Ferdinand A. |
| 720 | 1 |aReimer, Mel |
| 775 | 08|tCultures de remplacement pour les Prairies / |w(CaOODSP)9.678444 |
| 776 | 0#|tAlternative crops for the Prairies |w(CaOODSP)9.816749 |
| 986 | |aPublication 1887/E |